Statistics for First 5 Perfect Numbers

Click here to take the quiz!

General Stats

  • This quiz has been taken 17 times
  • The average score is 2 of 5

Answer Stats

Perfect Numbers% Correct
6
100%
28
69%
496
23%
8128
23%
33550336
8%

Score Distribution

Percentile by Number Answered

Percent of People with Each Score

Your Score History

You have not taken this quiz